| 000 | 00388nam a2200157Ia 4500 | ||
|---|---|---|---|
| 999 |
_c41831 _d41831 |
||
| 003 | 0100 | ||
| 005 | 20170901112715.0 | ||
| 008 | 130303s9999 xx 000 0 und d | ||
| 040 | _cARRUPELIB | ||
| 050 | _aBV639.C4G61964 | ||
| 100 |
_aGoldman, Ronald _935491 |
||
| 245 |
_aReligious Thinking from Childhood to Adolescence _cRonald Goldman |
||
| 260 |
_aNew York _bThe Seabury Press _c1965 |
||
| 300 |
_axii, 276p. ; _c21cm. |
||
| 650 |
_aChildren _xReligious life _935497 |
||
| 650 |
_aReligious education _xPsychology _935498 |
||
| 650 |
_aThought and thinking _96272 |
||
| 942 |
_2lcc _cMONOGRAPH |
||